| 000 | 00530nam a2200193Ia 4500 | ||
|---|---|---|---|
| 005 | 20250326144922.0 | ||
| 008 | 250326s9999 xx 000 0 und d | ||
| 020 | _a0-07-009025-4 | ||
| 037 | _aTextbook | ||
| 040 |
_aFMSL _beng _cFMSL |
||
| 041 |
_aeng _2eng |
||
| 084 |
_aX:8D P9 _qFMSL |
||
| 100 |
_aVishwanath S R _9308159 |
||
| 245 | 0 |
_aCases in corporate fice _cVishwanath S R |
|
| 260 |
_aNew Delhi _bNew Delhi, McGraw Hill _c2009 |
||
| 300 | _axix,303 | ||
| 942 |
_cTB _hX:8D P9 |
||
| 999 |
_c1305612 _d1305612 |
||